Človek v pracovnom priestore architektonická somatografia

Na minha lista:
Detalhes bibliográficos
Autor principal: Gilwann, Miroslav
Outros Autores: Jeník, Přemysl
Formato: Livro
Idioma:eslovaco
Publicado em: Bratislava Práca 1971
Colecção:Človek a práca
Tags: Adicionar Tag
Sem tags, seja o primeiro a adicionar uma tag!

MARC

LEADER 00000nam a2200000 4500
001 c122105
005 20050301104103.2
041 0 |a slo 
044 |a SK 
245 1 0 |a Človek v pracovnom priestore  |b architektonická somatografia  |c Miroslav Gilwann, Přemysl Jeník 
264 1 |a Bratislava  |b Práca  |c 1971 
300 |a Prer. str. 
490 1 |a Človek a práca 
830 0 |a Človek a práca 
100 1 |a Gilwann, Miroslav 
700 1 |a Jeník, Přemysl